000 02002cam a2200313 a 4500
003 EG-GiCUC
005 20250223031853.0
008 171206s2017 ua f m 000 0 ara d
040 _aEG-GiCUC
_bara
_cEG-GiCUC
041 0 _aara
049 _aايداع
097 _aدكتوراه
099 _aCai01.04.04.Ph.D.2017.أح.ع
100 0 _aأحمد سيد حسن محمد عفيفي
245 1 0 _aعقود التوزيع في القانون الدولي الخاص /
_cأحمد سيد حسن محمد عفيفي ؛ اشراف عبدالمنعم زمزم
260 _aالقاهرة :
_bأحمد سيد حسن محمد عفيفي :
_c2017
300 _a592ص ؛
_c30سم
502 _aاطروحة (دكتوراه) - جامعة القاهرة - كلية الحقوق - قسم القانون الدولي الخاص
520 _aتناول موضوع الرسالة عقود التوزيع في القانون الدولي الخاص تناول الباب الاول الاطار القانونى لعقد التوزيع عبر فصلين تناول الاول التعريف بعقد التوزيع بينما عالج الفصل الثانى الاداءات الرئيسية فى عقد التوزيع. تناول الباب الثانى تحديد القانون الواجب التطبيق على عقد التوزيع : عبر ثلاثة فصول تناول الفصل الاول إعلاء سلطان إرادة طرفى عقد التوزيع فى تحديد قانون العقد. وعالج الفصل الثانى خضوع عقد التوزيع لحكم القانون وفقا للنظرية الموضوعية
530 _aصدر ايضا كقرص مدمج
653 4 _aالقانون
653 4 _aعقود التوزيع
653 4 _aلقانون الدولي الخاص
700 0 _aعبدالمنعم زمزم :
_eمشرف
856 _uhttp://172.23.153.220/th.pdf
905 _aNazla
_eRevisor
905 _aSoheir
_eCataloger
942 _2ddc
_cTH
999 _c63883
_d63883